| 000 | 00519nam a2200169Ia 4500 | ||
|---|---|---|---|
| 008 | 090123s9999 xx 000 0 und d | ||
| 082 |
_b6739 _a891.463/वेदांत |
||
| 100 | _aवेदांत मधुकर | ||
| 245 | _aमहाविद्यालय | ||
| 250 | _a1 | ||
| 300 | _a187 | ||
| 600 | _aवेदांत मधुकर | ||
| 630 | _aमहाविद्यालय | ||
| 700 | _aवेदांत मधुकर | ||
| 730 | _aमहाविद्यालय | ||
| 942 | _cBOOK | ||
| 999 |
_c44804 _d44804 |
||